| 000 | 003350000a22001450004500 | ||
|---|---|---|---|
| 003 | MACL | ||
| 040 | _aMACL | ||
| 090 |
_c49820 _d49818 |
||
| 100 | _aGhose, Jayanti | ||
| 245 | _aUBS Career Guide | ||
| 260 |
_aNew Delhi _bUBS Pulblishers' Distributors Pvt. Ltd. _c2011 |
||
| 350 | _a295 | ||
| 650 | _aEducation | ||
| 942 |
_cBOOK _k370/gho |
||
| 999 |
_c49293 _d49293 |
||